<?xml version='1.0' encoding='UTF-8'?>
  <record xmlns="http://www.loc.gov/MARC21/slim">
    <leader>00000cam a22000007i 4500</leader>
    <controlfield tag="001">ocm68512508</controlfield>
    <controlfield tag="003">OCoLC</controlfield>
    <controlfield tag="005">20251104150137.5</controlfield>
    <controlfield tag="008">961213s1778    ne            000 0 dut d</controlfield>
    <datafield tag="040" ind1=" " ind2=" ">
      <subfield code="a">NLGGC</subfield>
      <subfield code="b">dut</subfield>
      <subfield code="e">fobidrtb</subfield>
      <subfield code="c">NLGGC</subfield>
      <subfield code="d">OCLCO</subfield>
      <subfield code="d">OCLCL</subfield>
      <subfield code="d">OCLCQ</subfield>
    </datafield>
    <datafield tag="029" ind1="0" ind2=" ">
      <subfield code="a">NLGGC</subfield>
      <subfield code="b">154050156</subfield>
    </datafield>
    <datafield tag="035" ind1=" " ind2=" ">
      <subfield code="a">(OCoLC)68512508</subfield>
    </datafield>
    <datafield tag="100" ind1="1" ind2=" ">
      <subfield code="a">Hoevenaar, Adrianus,</subfield>
      <subfield code="d">1732-1795.</subfield>
      <subfield code="4">aut</subfield>
      <subfield code="1">https://id.oclc.org/worldcat/entity/E39PBJhMqFyc9M3v6c9DpdQwmd</subfield>
    </datafield>
    <datafield tag="245" ind1="1" ind2="0">
      <subfield code="a">Redenvoering gehouden ter gelegenheid van de inwying, van het teken-collegie, op de nieuw gebouwde zaal, boven het Zegelhuis der Stad Utrecht /</subfield>
      <subfield code="c">door Adrianus Hoevenaar.</subfield>
    </datafield>
    <datafield tag="260" ind1=" " ind2=" ">
      <subfield code="a">Te Utrecht :</subfield>
      <subfield code="b">by Justus Visch,</subfield>
      <subfield code="c">1778.</subfield>
    </datafield>
    <datafield tag="300" ind1=" " ind2=" ">
      <subfield code="a">XVI, 32 p. ;</subfield>
      <subfield code="c">21 cm.</subfield>
    </datafield>
    <datafield tag="336" ind1=" " ind2=" ">
      <subfield code="a">tekst</subfield>
      <subfield code="b">txt</subfield>
      <subfield code="2">rdacontent/dut</subfield>
    </datafield>
    <datafield tag="337" ind1=" " ind2=" ">
      <subfield code="a">zonder medium</subfield>
      <subfield code="b">n</subfield>
      <subfield code="2">rdamedia/dut</subfield>
    </datafield>
    <datafield tag="338" ind1=" " ind2=" ">
      <subfield code="a">band</subfield>
      <subfield code="b">nc</subfield>
      <subfield code="2">rdacarrier/dut</subfield>
    </datafield>
    <datafield tag="758" ind1=" " ind2=" ">
      <subfield code="a">Redenvoering gehouden ter gelegenheid van de inwying, van het teken-collegie, op de nieuw gebouwde zaal, boven het Zegelhuis der Stad Utrecht (Text)</subfield>
      <subfield code="1">https://id.oclc.org/worldcat/entity/E39PCH3vqD86CMx6xPmXpdDC73</subfield>
      <subfield code="4">https://id.oclc.org/worldcat/ontology/hasWork</subfield>
    </datafield>
    <datafield tag="776" ind1="0" ind2=" ">
      <subfield code="t">Redenvoering gehouden ter gelegenheid van de inwying, van het teken-collegie, op de nieuw gebouwde zaal, boven het Zegelhuis der Stad Utrecht</subfield>
      <subfield code="w">(NL-LeOCL)426101146</subfield>
    </datafield>
    <datafield tag="776" ind1="0" ind2=" ">
      <subfield code="t">Redenvoering gehouden ter gelegenheid van de inwying, van het teken-collegie, op de nieuw gebouwde zaal, boven het Zegelhuis der Stad Utrecht</subfield>
      <subfield code="w">(NL-LeOCL)426101154</subfield>
    </datafield>
    <datafield tag="936" ind1=" " ind2=" ">
      <subfield code="a">BATCHLOAD</subfield>
    </datafield>
  </record>